000 00646nam a2200277Ia 4500
005 20260324141743.0
008 008 260324s9999 xx 000 0 eng d
020 _a9781315145303
037 _aEBOOK
040 _aCRL
040 _beng
040 _cCRL
041 _2eng
041 _aeng
084 _qCRL
100 _aDuncan Brack
_91201633
245 0 _aInternational Trade and the Montreal Protocol
260 _bTaylor and Francis
260 _c1996
365 _a
365 _b170
856 _uhttp://www.taylorfrancis.com/books/9781315145303
942 _cEBOOK
999 _c1812804
_d1812804